Hand-arm vibration exposure from construction tools (Record no. 76775)
[ view plain ]
| 000 -LEADER | |
|---|---|
| fixed length control field | 01479cab a2200205 4500 |
| 001 - CONTROL NUMBER | |
| control field | ##L133056 |
| 008 - FIXED-LENGTH DATA ELEMENTS--GENERAL INFORMATION | |
| fixed length control field | 060406n2006 000 0 eng u |
| 035 ## - SYSTEM CONTROL NUMBER | |
| System control number | (Sirsi) u133056 |
| 041 0# - LANGUAGE CODE | |
| Language code of text/sound track or separate title | eng |
| 100 1# - MAIN ENTRY--PERSONAL NAME | |
| Personal name | Edwards, David J. |
| 245 00 - TITLE STATEMENT | |
| Title | Hand-arm vibration exposure from construction tools |
| Remainder of title | results of a field study |
| 260 ## - PUBLICATION, DISTRIBUTION, ETC. | |
| Date of publication, distribution, etc. | 2006 |
| 490 #0 - SERIES STATEMENT | |
| Series statement | Construction Management and Economics |
| Volume/sequential designation | 24 January / March 2006, 209-217(9) |
| 520 ## - SUMMARY, ETC. | |
| Summary, etc. | The Control of Vibration at Work Regulations 2005 place a duty upon employers to limit the exposure of employees to Hand-Arm Vibration (HAV). This article reports on a field study which recorded vibration measurements from a range of hand-held construction tools, so that their vibration data could be explored. Significant variance in the data was found, attributable to the method of vibration measurement, tool manufacturing tolerances, the sharpness of the tools' cutting edges, and differing operator techniques. The results of the measurements and analysis provide guidance to construction managers in performing HAV risk assessments, including preference for real data over those obtained from controlled conditions, and the need to recognize potential data variance when calculating operators' maximum exposure times. |
| 590 ## - LOCAL NOTE (RLIN) | |
| Local note | IKA110406 |
| 650 24 - SUBJECT ADDED ENTRY--TOPICAL TERM | |
| Topical term or geographic name entry element | CONTROL OF VIBRATION AT WORK REGULATIONS 2005 |
| 690 ## - LOCAL SUBJECT ADDED ENTRY--TOPICAL TERM (OCLC, RLIN) | |
| Topical term or geographic name as entry element | MANAGEMENT-HEALTH AND SAFETY-HEALTH AND SAFETY RISK MANAGEMENT |
| 700 1# - ADDED ENTRY--PERSONAL NAME | |
| Personal name | Holt, Gary D. |
| 942 ## - ADDED ENTRY ELEMENTS (KOHA) | |
| Suppress in OPAC | 0 |
| Withdrawn status | Lost status | Source of classification or shelving scheme | Damaged status | Not for loan | Home library | Current library | Shelving location | Date acquired | Total Checkouts | Full call number | Barcode | Date last seen | Copy number | Price effective from | Koha item type |
|---|---|---|---|---|---|---|---|---|---|---|---|---|---|---|---|
| Dewey Decimal Classification | London | London | Journal article | 06/04/2006 | L133056 | 133056-1001 | 06/08/2019 | 1 | 06/08/2019 | Journal article |